00888nam a2200229 i 450000100060000000300060000600500170001200800410002902000150007003500510008504000270013604100080016308200240017110000170019524501980021226000380041030000650044850400510051365000410056465000330060570000200063816113UkOxU20211208235945.0140211s1976 enkaf b 001 0 eng d a0571104606 aOCLC ocm02415323 from D951024Ma(BD-RjUL)16168 aDLCcDLCdBD-RjULbeng aeng a720.961bHII 19761 aHill, Derek.10aIslamic architecture in North Africa :ba photographic survey /cby Derek Hill ; with notes on the monuments and a concluding essay by Lucien Golvin ; and an introduction by Robert Hillenbrand. aLondon :bFaber and Faber,c1976. a167 p., [136] leaves of plates :bill. (some col.) ;c26 cm. aIncludes bibliographical references and index. 0aIslamic architecturezAfrica, North. 0aArchitecturezAfrica, North.1 aGolvin, Lucien.